[Event "Milan Molinari Memorial 6th"]
[Site "Milan"]
[Date "2012.10.27"]
[Round "4"]
[White "Cani, Gazmir"]
[Black "Bemporad, Filippo"]
[Result "1-0"]
[WhiteElo "2136"]
[BlackElo "2040"]
[PlyCount "89"]
[EventDate "2012.10.24"]
[EventType "swiss"]
[EventRounds "6"]
[EventCountry "ITA"]
[SourceTitle "EXT 2014"]
[Source "ChessBase"]
[SourceDate "2013.11.20"]
[SourceVersion "1"]
[SourceVersionDate "2013.11.20"]
[SourceQuality "1"]

1. d4 Nf6 2. c4 e6 3. Nf3 Bb4+ 4. Nbd2 0-0 5. g3 b6 6. Bg2 Bb7 7. 0-0 Be7 8. Qc2 d6 9. e4 Nbd7 10. b3 c5 11. Bb2 Qc7 12. e5 Ng4 13. h3 Nh6 14. Ne4 Nf5 15. exd6 Nxd6 16. Neg5 g6 17. h4 Nf5 18. dxc5 bxc5 19. Rad1 Nf6 20. Be5 Qc8 21. Qb2 Ng4 22. Bc3 f6 23. Nh3 e5 24. Qe2 Qc7 25. Rfe1 Rad8 26. h5 Rfe8 27. hxg6 hxg6 28. Nfg5 Rxd1 29. Rxd1 Ngh6 30. Ne6 Qc8 31. Bd5 Bxd5 32. cxd5 Nd4 33. Qc4 Nhf5 34. Bxd4 Nxd4 35. Nc7 Qxh3 36. Rxd4 cxd4 37. d6+ Kh7 38. Nxe8 Bd8 39. Nc7 Qd7 40. Qe6 Qg7 41. Ne8 Qb7 42. Nxf6+ Bxf6 43. Qxf6 d3 44. Qxe5 Qc6 45. Qe7+ 1-0

[Event "Milan Molinari Memorial 6th"]
[Site "Milan"]
[Date "2012.10.26"]
[Round "3"]
[White "Jara, Erik"]
[Black "Cani, Gazmir"]
[Result "1-0"]
[WhiteElo "2173"]
[BlackElo "2136"]
[PlyCount "84"]
[EventDate "2012.10.24"]
[EventType "swiss"]
[EventRounds "6"]
[EventCountry "ITA"]
[SourceTitle "EXT 2014"]
[Source "ChessBase"]
[SourceDate "2013.11.20"]
[SourceVersion "1"]
[SourceVersionDate "2013.11.20"]
[SourceQuality "1"]

1. c4 e5 2. Nc3 Bb4 3. g3 Nf6 4. Bg2 Bxc3 5. bxc3 0-0 6. Nf3 Re8 7. 0-0 d6 8. d3 Nbd7 9. Nh4 Rb8 10. e4 c6 11. Bg5 h6 12. Be3 Nc5 13. h3 Nh7 14. Nf5 b6 15. f4 Bxf5 16. exf5 Rc8 17. Qd2 e4 18. d4 Nd7 19. g4 Qf6 20. Qf2 d5 21. h4 h5 22. g5 Qxf5 23. Kh2 dxc4 24. Bh3 Qd5 25. f5 c5 26. Rad1 Qd6+ 27. Bf4 e3 28. Qg3 Qe7 29. f6 Qe4 30. Rfe1 Red8 31. Bg2 Qc2 32. Qxe3 cxd4 33. Rxd4 Ndf8 34. Re2 Qf5 35. Bh3 Qb1 36. fxg7 Ng6 37. Bxc8 Rxc8 38. Bg3 b5 39. Red2 Qf5 40. Rd8+ Rxd8 41. Rxd8+ Kxg7 42. Qd4+ f6 1-0

[Event "Milan SSM op"]
[Site "Milan"]
[Date "2012.07.27"]
[Round "1"]
[White "Cani, Gazmir"]
[Black "Guzzetti, Luigi Enrico"]
[Result "1-0"]
[WhiteElo "2151"]
[BlackElo "1908"]
[PlyCount "65"]
[EventDate "2012.07.27"]
[EventType "swiss"]
[EventRounds "7"]
[EventCountry "ITA"]
[SourceTitle "EXT 2014"]
[Source "ChessBase"]
[SourceDate "2013.11.20"]
[SourceVersion "1"]
[SourceVersionDate "2013.11.20"]
[SourceQuality "1"]

1. d4 Nf6 2. Bg5 g6 3. Bxf6 exf6 4. e3 Bg7 5. Ne2 d6 6. g3 Bg4 7. Bg2 Bxe2 8. Qxe2 c6 9. 0-0 0-0 10. c4 Nd7 11. Nc3 f5 12. Rab1 a5 13. Qd3 Re8 14. a3 Nf6 15. b4 axb4 16. axb4 Ra3 17. Qc2 Qe7 18. Ra1 Rea8 19. Rxa3 Rxa3 20. b5 c5 21. Rd1 h5 22. Qb2 Ra8 23. h4 cxd4 24. exd4 Rc8 25. Qe2 Qxe2 26. Nxe2 b6 27. Bc6 Bh6 28. Ra1 Ne4 29. Ra7 Bd2 30. Bd5 Rf8 31. Rb7 Ba5 32. Nf4 Kh8 33. Bxf7 1-0

[Event "Milan op 01"]
[Site "Milan"]
[Date "2012.01.08"]
[Round "9"]
[White "Cani, Gazmir"]
[Black "Vezzosi, Paolo"]
[Result "0-1"]
[WhiteElo "2150"]
[BlackElo "2282"]
[PlyCount "76"]
[EventDate "2012.01.02"]
[EventType "swiss"]
[EventRounds "9"]
[EventCountry "ITA"]
[SourceTitle "EXT 2014"]
[Source "ChessBase"]
[SourceDate "2013.11.20"]
[SourceVersion "1"]
[SourceVersionDate "2013.11.20"]
[SourceQuality "1"]

1. d4 Nf6 2. Bg5 e6 3. e4 h6 4. Bxf6 Qxf6 5. Nf3 d6 6. Nc3 Nd7 7. Qd2 g6 8. h4 a6 9. 0-0-0 Bg7 10. Kb1 b6 11. Bd3 Bb7 12. Rhe1 0-0 13. h5 g5 14. e5 Qe7 15. Qe2 dxe5 16. Nxe5 Rfd8 17. Be4 Bxe4 18. Qxe4 Nxe5 19. dxe5 Rxd1+ 20. Rxd1 Rd8 21. Rxd8+ Qxd8 22. g3 Qd2 23. f4 Qf2 24. Qa8+ Bf8 25. a4 gxf4 26. Ne4 Qe1+ 27. Ka2 fxg3 28. Nf6+ Kg7 29. Ne8+ Kh8 30. Nf6 Qb4 31. b3 b5 32. Qf3 Bg7 33. axb5 axb5 34. c3 Qe7 35. Ng4 Qg5 36. Qxg3 Qxh5 37. Qf4 Qg5 38. Qd4 c5 0-1

[Event "Milan op 01"]
[Site "Milan"]
[Date "2012.01.06"]
[Round "6"]
[White "Cani, Gazmir"]
[Black "Gonella, Daniele"]
[Result "1-0"]
[WhiteElo "2150"]
[BlackElo "2100"]
[PlyCount "45"]
[EventDate "2012.01.02"]
[EventType "swiss"]
[EventRounds "9"]
[EventCountry "ITA"]
[SourceTitle "EXT 2014"]
[Source "ChessBase"]
[SourceDate "2013.11.20"]
[SourceVersion "1"]
[SourceVersionDate "2013.11.20"]
[SourceQuality "1"]

1. d4 d5 2. c4 e6 3. Nf3 Nf6 4. g3 Be7 5. Bg2 0-0 6. 0-0 dxc4 7. Qc2 c5 8. dxc5 Bxc5 9. Nbd2 Qe7 10. Nxc4 Nc6 11. a3 Rd8 12. b4 Nd4 13. Nxd4 Bxd4 14. Rb1 Nd5 15. e3 Bf6 16. e4 Nc3 17. e5 Nxb1 18. exf6 Qxf6 19. Qxb1 Qc3 20. Na5 Rb8 21. Bb2 Qc7 22. Qe4 Bd7 23. Be5 1-0

[Event "Milan op 01"]
[Site "Milan"]
[Date "2012.01.05"]
[Round "4"]
[White "Cani, Gazmir"]
[Black "Miracola, Massimiliano"]
[Result "0-1"]
[WhiteElo "2150"]
[BlackElo "2083"]
[PlyCount "112"]
[EventDate "2012.01.02"]
[EventType "swiss"]
[EventRounds "9"]
[EventCountry "ITA"]
[SourceTitle "EXT 2014"]
[Source "ChessBase"]
[SourceDate "2013.11.20"]
[SourceVersion "1"]
[SourceVersionDate "2013.11.20"]
[SourceQuality "1"]

1. d4 Nf6 2. c4 g6 3. Nc3 Bg7 4. e4 d6 5. Nf3 0-0 6. Be2 e5 7. 0-0 Nc6 8. d5 Ne7 9. b4 Ne8 10. a4 f5 11. c5 Nf6 12. Ba3 Nxe4 13. Nxe4 fxe4 14. Ng5 e3 15. Ne4 exf2+ 16. Rxf2 Rxf2 17. Nxf2 Nf5 18. cxd6 cxd6 19. Ne4 Qh4 20. Qd3 Nd4 21. g3 Qd8 22. Rc1 Bf5 23. Bf1 Bh6 24. Rc3 Qb6 25. Kh1 Rf8 26. Bg2 Bxe4 27. Qxe4 Rf2 28. h4 Nf5 29. a5 Qb5 30. Qd3 Qxd3 31. Rxd3 Rc2 32. b5 Be3 33. Kh2 Bc5 34. Kh3 Bxa3 35. Rxa3 Rc5 36. Rb3 Nd4 37. Rb4 b6 38. axb6 axb6 39. Ra4 Nxb5 40. Ra8+ Kf7 41. Rb8 Nc7 42. Rxb6 Nxd5 43. Rxd6 Nf6 44. Ra6 e4 45. Ra3 Re5 46. Re3 h5 47. g4 Nxg4 48. Re1 e3 49. Kg3 Nh6 50. Kf4 Kf6 51. Be4 Nf5 52. Ra1 e2 53. Re1 Nxh4 54. Rxe2 g5+ 55. Ke3 Nf5+ 56. Kd3 g4 0-1

[Event "Milan op 01"]
[Site "Milan"]
[Date "2012.01.03"]
[Round "2"]
[White "Cani, Gazmir"]
[Black "Fercec, Nenad"]
[Result "1/2-1/2"]
[WhiteElo "2150"]
[BlackElo "2462"]
[PlyCount "51"]
[EventDate "2012.01.02"]
[EventType "swiss"]
[EventRounds "9"]
[EventCountry "ITA"]
[SourceTitle "EXT 2014"]
[Source "ChessBase"]
[SourceDate "2013.11.20"]
[SourceVersion "1"]
[SourceVersionDate "2013.11.20"]
[SourceQuality "1"]

1. d4 Nf6 2. c4 g6 3. Nc3 d5 4. Nf3 Bg7 5. Qb3 dxc4 6. Qxc4 0-0 7. e4 c6 8. Qb3 e5 9. dxe5 Ng4 10. Be2 Nxe5 11. 0-0 Nxf3+ 12. Bxf3 Qe7 13. Be3 Be6 14. Qc2 Nd7 15. Na4 Rfe8 16. Rac1 Ne5 17. Be2 Ng4 18. Bxg4 Bxg4 19. f3 Be6 20. b3 f5 21. Rfe1 fxe4 22. fxe4 Bf7 23. Bf2 Red8 24. Kh1 Qb4 25. Rf1 Be6 26. Nc5 1/2-1/2

[Event "Milan Crespi op-A 32nd"]
[Site "Milan"]
[Date "2011.12.07"]
[Round "5"]
[White "Cani, Gazmir"]
[Black "Cazzaniga, Walter"]
[Result "1-0"]
[WhiteElo "2174"]
[BlackElo "2118"]
[PlyCount "75"]
[EventDate "2011.12.03"]
[EventType "swiss"]
[EventRounds "9"]
[EventCountry "ITA"]
[SourceTitle "EXT 2022"]
[Source "ChessBase"]
[SourceDate "2021.10.06"]
[SourceVersion "1"]
[SourceVersionDate "2021.10.06"]
[SourceQuality "1"]

1. d4 d5 2. c4 e6 3. Nf3 Nf6 4. g3 c6 5. Qc2 Be7 6. Bg2 0-0 7. 0-0 Nbd7 8. Nbd2 Re8 9. Rd1 Bd6 10. b3 Qe7 11. Bb2 e5 12. e4 Nxe4 13. Nxe4 dxe4 14. Qxe4 Nf6 15. Qh4 e4 16. Re1 Bb4 17. Re3 Qf8 18. Ne5 Bd2 19. g4 Bxe3 20. fxe3 h6 21. Rf1 Rxe5 22. dxe5 Nxg4 23. Qg3 h5 24. h3 Nh6 25. Bxe4 Be6 26. Qh4 Qd8 27. Qg3 h4 28. Qg2 Qe7 29. Kh1 Kh8 30. Bc2 Rd8 31. Bc3 b6 32. Be1 c5 33. Qe4 g6 34. Bxh4 Qd7 35. Bf6+ Kh7 36. Qh4 Bxh3 37. Rf4 Qd2 38. Qxh3 1-0

[Event "Milan Molinari Memorial 5th"]
[Site "Milan"]
[Date "2011.10.30"]
[Round "4"]
[White "Cani, Gazmir"]
[Black "Cattaneo, Marco"]
[Result "1/2-1/2"]
[WhiteElo "2140"]
[BlackElo "1986"]
[PlyCount "45"]
[EventDate "2011.10.28"]
[EventType "swiss"]
[EventRounds "6"]
[EventCountry "ITA"]
[SourceTitle "EXT 2014"]
[Source "ChessBase"]
[SourceDate "2013.11.20"]
[SourceVersion "1"]
[SourceVersionDate "2013.11.20"]
[SourceQuality "1"]

1. d4 d5 2. Nf3 Nf6 3. c4 c6 4. e3 e6 5. b3 Nbd7 6. Bb2 Bd6 7. Be2 b6 8. 0-0 0-0 9. Nbd2 Bb7 10. Ne5 c5 11. cxd5 exd5 12. f4 cxd4 13. exd4 Ne4 14. Rc1 Rc8 15. Rxc8 Qxc8 16. Nxe4 dxe4 17. Qd2 Qd8 18. Rd1 Nf6 19. Bc4 Nd5 20. Bxd5 Bxd5 21. Rc1 Qe7 22. Qe3 Qb7 23. Nc4 1/2-1/2

[Event "Milan Molinari Memorial 5th"]
[Site "Milan"]
[Date "2011.10.30"]
[Round "3"]
[White "Cazzaniga, Walter"]
[Black "Cani, Gazmir"]
[Result "1-0"]
[WhiteElo "2118"]
[BlackElo "2140"]
[PlyCount "54"]
[EventDate "2011.10.28"]
[EventType "swiss"]
[EventRounds "6"]
[EventCountry "ITA"]
[SourceTitle "EXT 2014"]
[Source "ChessBase"]
[SourceDate "2013.11.20"]
[SourceVersion "1"]
[SourceVersionDate "2013.11.20"]
[SourceQuality "1"]

1. d4 Nf6 2. c4 g6 3. Nc3 Bg7 4. e4 0-0 5. f3 d6 6. Be3 c5 7. Nge2 Nc6 8. d5 Ne5 9. Ng3 e6 10. Be2 exd5 11. cxd5 h5 12. 0-0 a6 13. a4 Nh7 14. f4 Ng4 15. Bxg4 Bxg4 16. Qd2 h4 17. Nh1 Re8 18. Nf2 Bd7 19. e5 dxe5 20. Bxc5 h3 21. Nxh3 Bxh3 22. gxh3 exf4 23. Qxf4 Ng5 24. Qg4 Rc8 25. Bf2 Bxc3 26. bxc3 Qxd5 27. Bd4 Re4 1-0

[Event "Milan SSM op"]
[Site "Milan"]
[Date "2011.07.30"]
[Round "2"]
[White "Cani, Gazmir"]
[Black "Miracola, Massimiliano"]
[Result "1-0"]
[WhiteElo "2114"]
[BlackElo "2038"]
[PlyCount "41"]
[EventDate "2011.07.29"]
[EventType "swiss"]
[EventRounds "7"]
[EventCountry "ITA"]
[SourceTitle "EXT 2014"]
[Source "ChessBase"]
[SourceDate "2013.11.20"]
[SourceVersion "1"]
[SourceVersionDate "2013.11.20"]
[SourceQuality "1"]

1. e4 c5 2. Nc3 d6 3. f4 g6 4. Nf3 Bg7 5. Bc4 Nc6 6. 0-0 e6 7. d3 Nge7 8. Qe1 0-0 9. f5 gxf5 10. Qh4 fxe4 11. Ng5 h6 12. Nxf7 Rxf7 13. Rxf7 Kxf7 14. Bxh6 d5 15. Rf1+ Kg8 16. Qg5 Nf5 17. Rxf5 Qe7 18. Nxd5 exd5 19. Bxd5+ Kh7 20. Qh5 Bxf5 21. Bg5+ 1-0

[Event "Milan Repubblica op"]
[Site "Milan"]
[Date "2011.06.05"]
[Round "6"]
[White "Lapiccirella, Daniele"]
[Black "Cani, Gazmir"]
[Result "1-0"]
[WhiteElo "2236"]
[BlackElo "2123"]
[PlyCount "87"]
[EventDate "2011.06.05"]
[EventType "swiss"]
[EventRounds "7"]
[EventCountry "ITA"]
[SourceTitle "EXT 2023"]
[Source "ChessBase"]
[SourceDate "2022.10.05"]
[SourceVersion "1"]
[SourceVersionDate "2022.10.05"]
[SourceQuality "1"]

1. d4 Nf6 2. c4 g6 3. Nc3 d5 4. Nf3 Bg7 5. Bg5 Ne4 6. Bf4 Nxc3 7. bxc3 0-0 8. e3 c5 9. cxd5 Qxd5 10. Be2 Nc6 11. 0-0 cxd4 12. cxd4 Bf5 13. Qa4 Qa5 14. Qxa5 Nxa5 15. Rfc1 Rac8 16. Kf1 Be6 17. Nd2 a6 18. a4 Rfe8 19. Bc7 Nc6 20. Bb6 Nb4 21. Rxc8 Rxc8 22. Rb1 Nd5 23. Bf3 Nc3 24. Ra1 Bd5 25. Rc1 Bxf3 26. Nxf3 Rc6 27. a5 f6 28. Ne1 Kf7 29. Nd3 e5 30. f3 Nd5 31. Rxc6 bxc6 32. e4 Ne3+ 33. Ke2 Nc2 34. dxe5 fxe5 35. Kd2 Na3 36. Nb4 Ke6 37. Nxa6 Bf8 38. Kd3 Kd7 39. Nb8+ Kd6 40. a6 Nb5 41. a7 Nxa7 42. Bxa7 Kc7 43. Na6+ Kb7 44. Bc5 1-0

[Event "Milan Repubblica op"]
[Site "Milan"]
[Date "2011.06.04"]
[Round "5"]
[White "Cani, Gazmir"]
[Black "Bemporad, Filippo"]
[Result "1-0"]
[WhiteElo "2123"]
[BlackElo "2052"]
[PlyCount "77"]
[EventDate "2011.06.05"]
[EventType "swiss"]
[EventRounds "7"]
[EventCountry "ITA"]
[SourceTitle "EXT 2023"]
[Source "ChessBase"]
[SourceDate "2022.10.05"]
[SourceVersion "1"]
[SourceVersionDate "2022.10.05"]
[SourceQuality "1"]

1. d4 d5 2. c4 c6 3. Nf3 Nf6 4. e3 e6 5. b3 Nbd7 6. Nbd2 Be7 7. Bd3 0-0 8. 0-0 b6 9. Bb2 Bb7 10. Qe2 c5 11. cxd5 exd5 12. Ne5 Bd6 13. Rfd1 Qe7 14. f4 Rac8 15. Rac1 Bb8 16. Bf5 Rcd8 17. Ndf3 Bd6 18. Ng5 h6 19. Ngf3 Nb8 20. Rc2 Rfe8 21. Qe1 Ne4 22. g3 Nc6 23. Rg2 Bb8 24. g4 Nd6 25. Qg3 f6 26. Bg6 fxe5 27. dxe5 Ne4 28. Qh3 Rf8 29. g5 Nxg5 30. Nxg5 d4 31. Ne4 Nb4 32. Bf5 Nd5 33. Be6+ Kh8 34. Rg6 Nxf4 35. exf4 Bxe4 36. f5 Bxe5 37. Bc1 Bf6 38. Bxh6 Rf7 39. Bxg7+ 1-0

[Event "Milan Repubblica op"]
[Site "Milan"]
[Date "2011.06.03"]
[Round "4"]
[White "Gonella, Daniele"]
[Black "Cani, Gazmir"]
[Result "0-1"]
[WhiteElo "2022"]
[BlackElo "2123"]
[PlyCount "130"]
[EventDate "2011.06.05"]
[EventType "swiss"]
[EventRounds "7"]
[EventCountry "ITA"]
[SourceTitle "EXT 2023"]
[Source "ChessBase"]
[SourceDate "2022.10.05"]
[SourceVersion "1"]
[SourceVersionDate "2022.10.05"]
[SourceQuality "1"]

1. e4 c5 2. Nc3 e6 3. g3 Nc6 4. Bg2 g6 5. d3 Bg7 6. f4 Nge7 7. Nf3 d6 8. 0-0 0-0 9. h3 Rb8 10. g4 f5 11. Qe1 Nd4 12. Nxd4 cxd4 13. Ne2 Qc7 14. c3 dxc3 15. bxc3 Bd7 16. Rb1 b5 17. Ba3 Rfc8 18. Kh1 a5 19. Qh4 Nc6 20. Rfc1 Kh8 21. Qf2 e5 22. gxf5 gxf5 23. exf5 Rf8 24. Qf3 Rxf5 25. Qd5 exf4 26. Bxd6 Qb6 27. Qf3 Ne5 28. Bxe5 Rxe5 29. Nxf4 Rf8 30. Qg3 Re3 31. Nd5 Rxg3 32. Nxb6 Bxh3 33. Bxh3 Rxh3+ 34. Kg2 Rxd3 35. Rxb5 Bxc3 36. a4 Bd4 37. Rc8 Rd2+ 38. Kg3 Bf2+ 39. Kh3 Rd3+ 40. Kg2 Rg3+ 41. Kh2 Rxc8 42. Nxc8 Rc3 43. Ne7 Be1 44. Nd5 Ra3 45. Nb6 Kg7 46. Rd5 h6 47. Rd7+ Kg6 48. Rd6+ Kg5 49. Rd4 h5 50. Rd5+ Kg4 51. Rd4+ Kf3 52. Rd1 Bg3+ 53. Kh1 Kg4 54. Nc4 Rxa4 55. Nxa5 Rxa5 56. Rb1 Kh3 57. Kg1 Ra2 58. Rf1 Rh2 59. Rf5 h4 60. Rf1 Re2 61. Kh1 Be1 62. Rf3+ Kg4 63. Rf1 Bf2 64. Kg2 Be3+ 65. Kh1 h3 0-1

[Event "Milan Palladino Memorial"]
[Site "Milan"]
[Date "2011.04.22"]
[Round "2"]
[White "Chiarion, Elisa"]
[Black "Cani, Gazmir"]
[Result "1/2-1/2"]
[WhiteElo "1959"]
[BlackElo "2132"]
[PlyCount "79"]
[EventDate "2011.04.21"]
[EventType "swiss"]
[EventRounds "7"]
[EventCountry "ITA"]
[SourceTitle "EXT 2023"]
[Source "ChessBase"]
[SourceDate "2022.10.05"]
[SourceVersion "1"]
[SourceVersionDate "2022.10.05"]
[SourceQuality "1"]

1. e4 c5 2. Nf3 e6 3. b3 d6 4. c4 Nf6 5. Nc3 Be7 6. Bb2 0-0 7. Be2 a6 8. 0-0 Qc7 9. d4 cxd4 10. Nxd4 Nbd7 11. f4 b6 12. Rc1 Bb7 13. Bf3 Rad8 14. Kh1 Rfe8 15. Qe2 Bf8 16. g4 h6 17. Qg2 g5 18. e5 Bxf3 19. Nxf3 Nh7 20. fxg5 Nxe5 21. gxh6 Nxf3 22. Rxf3 Bxh6 23. Rcf1 Ng5 24. R3f2 Re7 25. Ne2 Bg7 26. Bxg7 Kxg7 27. Nf4 Qb7 28. Nh5+ Kf8 29. Qxb7 Rxb7 30. Nf6 d5 31. cxd5 exd5 32. Rf5 Ne4 33. Rxd5 Rxd5 34. Nxd5 Rd7 35. Nxb6 Rd2 36. Nc4 Rxa2 37. Ne5 Nf2+ 38. Kg1 Nh3+ 39. Kh1 Nf2+ 40. Kg1 1/2-1/2